Neprehľadnosť ponuky, zavádzanie zákazníkov a nevyváženosť komerčných zmlúv ako prvky systému práce so zákazníkom vo firmách poskytujúcich služby

Pôsobenie veľkého množstva subjektov na trhu, vznik množstva väzieb medzi nimi a neprehľadnosť ponúk. Zavádzanie zákazníkov a nevyváženosť obchodných zmlúv. Nástrahy, ktoré číhajú na zákazníkov v podnikoch služieb.

Gespeichert in:
Bibliographische Detailangaben
1. Verfasser: Litomerický, Juraj
Format: Buchkapitel
Sprache:Slowakisch
Schlagworte:
Tags: Tag hinzufügen
Keine Tags, Fügen Sie das erste Tag hinzu!

MARC

LEADER 00000naa$a2200000$$$4500
001 0120339
005 20240502072341.7
041 0 |a slo 
044 |a SK 
245 1 0 |a Neprehľadnosť ponuky, zavádzanie zákazníkov a nevyváženosť komerčných zmlúv ako prvky systému práce so zákazníkom vo firmách poskytujúcich služby  |c Juraj Litomerický 
520 |a Pôsobenie veľkého množstva subjektov na trhu, vznik množstva väzieb medzi nimi a neprehľadnosť ponúk. Zavádzanie zákazníkov a nevyváženosť obchodných zmlúv. Nástrahy, ktoré číhajú na zákazníkov v podnikoch služieb. 
610 2 0 |a služby 
610 2 0 |a firmy 
610 2 0 |a zákazníci 
610 2 0 |a ponuka 
610 2 0 |a vzťahy zmluvné 
610 2 0 |a zmluvy obchodné 
100 1 |a Litomerický, Juraj